Estadísticas para Prueba de Kosovo

Haz click aquí para tomar la prueba!

Estadísticas generales

  • Esta prueba ha sido tomada 165 veces
  • La puntuación promedio es 9 de 14

Estadísticas de respuestas

PistaRespuesta% Correcto
País que reclama la propiedad de KosovoSerbia
96%
Capital de KosovoPristina
90%
La religión a la que pertenece el 96% de los kosovaresIslam
90%
Kosovo es uno de los tres países oficiales de JetPunk
que no es miembro de esta organización
Naciones Unidas
85%
Imperio del que Kosovo formó parte entre 1455 y 1912Imperio Otomano
85%
El año en que Kosovo declaró su independencia de ese país2008
84%
Una parte de Kosovo que, a veces, ha querido separarse de KosovoKosovo del {Norte}
82%
Kosovo es el tercer país más ____ de Europa, después de Moldova y UcraniaPobre
75%
Moneda de KosovoEuro
70%
La cantante pop inglesa de "New Rules" y "Break My Heart" cuyas
padres emigraron de Kosovo poco antes de su nacimiento
Dua Lipa
55%
El grupo étnico más grande y el idioma más habladoAlbanés
51%
Kosovo tiene la quinta reserva de lignito más alta del mundo. ¿Qué es el lignito?Tipo de {carbón}
46%
La segunda ciudad más pobladaPrizren
24%
El reino cuyo territorio abarcaba el Kosovo moderno
antes de ser conquistado por Roma en el 28 a.C.
Dardania
15%

Distribución de puntuación

Porcentaje por número respondido

Porcentaje de gente con cada puntuación

Historial de tus puntuaciones

No has tomado esta prueba